Císařský orel a vábení Orientu : zámořská obchodní expanze habsburské monarchie (1715-1789) /

Hlavní autor: Wanner, Michal, 1968-
Další autoři: Staněk, Karel, 1983-
Jazyk: Čeština
Vydáno: Dolní Břežany : Scriptorium, 2021
Vydání: Vydání první
Témata:
Fyzický popis: 527 stran : ilustrace (některé barevné), mapy, portréty, plány, faksimile ; 25 cm
Language note: Anglické resumé
Knihy
Uloženo v:
LEADER 02445nam a2200625 i 4500
001 nkc20203276003
003 CZ PrNK
005 20210722164254.0
007 ta
008 201214s2021 xr abcef 001 0 cze
015 |a cnb003276003 
020 |a 978-80-7649-010-9  |q (vázáno) :  |c Kč 462,00 
035 |a (OCoLC)1263280224 
040 |a ABA001  |b cze  |d BOA001  |e rda 
041 0 |a cze  |b eng 
043 |a e-au---  |a a------ 
045 |a v1v8 
072 7 |a 339.5  |x Zahraniční obchod. Mezinárodní obchod  |2 Konspekt  |9 4 
080 |a 339.5  |2 MRF 
080 |a 339.165.4  |2 MRF 
080 |a 339.9  |2 MRF 
080 |a (436)  |2 MRF 
080 |a (5)  |2 MRF 
080 |a (048.8)  |2 MRF 
100 1 |a Wanner, Michal,  |d 1968-  |7 mzk2002110036  |4 aut 
245 1 0 |a Císařský orel a vábení Orientu :  |b zámořská obchodní expanze habsburské monarchie (1715-1789) /  |c Michal Wanner a Karel Staněk 
250 |a Vydání první 
264 1 |a Dolní Břežany :  |b Scriptorium,  |c 2021 
300 |a 527 stran :  |b ilustrace (některé barevné), mapy, portréty, plány, faksimile ;  |c 25 cm 
336 |a text  |b txt  |2 rdacontent 
337 |a bez média  |b n  |2 rdamedia 
338 |a svazek  |b nc  |2 rdacarrier 
500 |a 300 výtisků 
504 |a Obsahuje bibliografie, bibliografické odkazy a rejstříky 
546 |a Anglické resumé 
648 4 |a 1715-1789 
648 7 |a 18. století  |7 ch460556  |2 czenas 
650 0 7 |a zahraniční obchod  |7 ph116729  |z Rakousko  |y 18. století  |2 czenas 
650 0 7 |a námořní obchod  |7 ph118326  |z Rakousko  |y 18. století  |2 czenas 
650 0 7 |a námořní obchod  |7 ph118326  |z Asie  |y 18. století  |2 czenas 
650 0 9 |a foreign trade  |z Austria  |y 18th century  |2 eczenas 
650 0 9 |a maritime commerce  |z Austria  |y 18th century  |2 eczenas 
650 0 9 |a maritime commerce  |z Asia  |y 18th century  |2 eczenas 
651 7 |a Rakousko  |7 ge130612  |x hospodářské vztahy  |y 18. století  |2 czenas 
651 7 |a Asie  |7 ge131486  |x hospodářské vztahy  |y 18. století  |2 czenas 
651 9 |a Austria  |x economic relations  |y 18th century  |2 eczenas 
651 9 |a Asia  |x economic relations  |y 18th century  |2 eczenas 
655 7 |a monografie  |7 fd132842  |2 czenas 
655 9 |a monographs  |2 eczenas 
700 1 |a Staněk, Karel,  |d 1983-  |7 xx0213708  |4 aut 
910 2 |a BOA001  |b 2-1464.202 
990 |a BK 
995 |a 01 
991 |b 202105  |c NOV 
996 6 |b 2610864370  |c 2-1464.202  |l MZK  |r Sklad / do 1 hodiny  |n 0  |p p.v.  |w 001850590  |u 000010  |a 1  |e BOA001  |j MZK50  |s P